000
00256nam a2200109Ia 4500
008
190912s9999||||xx |||||||||||||| ||und||
100
_a
Imran Qureshi
245
0
_a
Billa Nayee and Other Stories
260
_a
UK
_b
Addision
_c
2001
300
_a
258
942
_c
BK
999
_c
7553
_d
7553